Statystyki dla POPULARNE DAMSKIE IMIONA, KTÓRE POSIADAJĄ MĘSKI ODPOWIEDNIK:

Kliknij tutaj aby rozwiązać quiz!

Ogólne statystyki

  • Ten quiz został rozwiązany 729 razy
  • Średni wynik to 2 z 6

Statystyki odpowiedzi

Odpowiedź% Poprawnych
ALEKSANDRA
67%
DOMINIKA
42%
KAMILA
40%
GABRIELA
23%
WIESŁAWA
23%
BOGUSŁAWA
17%

Rozkład punktacji

Percentyl według liczby udzielonych odpowiedzi

Procent ludzi z każdym wynikiem

Twoja historia wyników

Nie rozwiązałeś tego quizu